000 00830nam a22001937a 4500
003 CEME
005 20210628202405.0
008 210122b xxu||||| |||| 00| 0 eng d
020 _a0-7668-0673-1
040 _c.
082 _a629.287 ERJ
100 _aErjavec, Jack
_959718
245 _aAutomotive technology a system approach
250 _a3RD
260 _aSINGAPORE
_bTHOMSON LEARNING
_c2000
300 _aXXIX,1343 P
650 _aAUTOMOBILES- MAINTENANCE AND REPAIR. AUTOMOTIVE TECHNOLOGY.AUTOMOTIVE ENGINES.ELECTRICAL SYSTEMS OF AUTOMOBILES.BATTERIES.ENGINE PERFORMANCE.IGNITION SYSTEMS.FUEL SYSTEMS.CARBURETORS.EFI.ELECTRONIC FUEL INJECTION.EMISSION CONTROL SYSTEMS.SUSPENSION SYSTEMS.STEERING SYTEMS.BRAKES.BRAKE SYSTEMS.DRUM BRAKES.DISC BRAKES.ANTILOCK BRAKE SYSTEMS.PASSENGER COMFORT.
_959719
942 _cBK
_2ddc
999 _c569628
_d569628